Online katalóg knižníc regiónu Turca

Ján Palárik a jeho boj o demokratizáciu slovenského národného života (Record no. 20516)

MARC details
000 -LEADER
fixed length control field 02881cam a2200661 a 4500
001 - CONTROL NUMBER
control field 20516
003 - CONTROL NUMBER IDENTIFIER
control field VRT
005 - DATE AND TIME OF LATEST TRANSACTION
control field 20260123141948.0
008 - FIXED-LENGTH DATA ELEMENTS--GENERAL INFORMATION
fixed length control field 230403s1952 xo ho grn 000 0bslo
015 ## - NATIONAL BIBLIOGRAPHY NUMBER
National bibliography number SNBA19451955-002967
020 ## - INTERNATIONAL STANDARD BOOK NUMBER
Qualifying information (brožované)
035 ## - SYSTEM CONTROL NUMBER
System control number SK01SNKBKSFS20020063746
035 ## - SYSTEM CONTROL NUMBER
System control number urn:nbn:sk:snk-am3hx1u
035 ## - SYSTEM CONTROL NUMBER
System control number 24A875D7-3CFE-4217-8AA8-AC3238133F52
035 ## - SYSTEM CONTROL NUMBER
System control number urn:nbn:sk:snk-am00dc0w
035 ## - SYSTEM CONTROL NUMBER
System control number SKM000066209
039 #9 - LEVEL OF BIBLIOGRAPHIC CONTROL AND CODING DETAIL [OBSOLETE]
Level of rules in bibliographic description 202304032043
Level of effort used to assign nonsubject heading access points VLOAD
Level of effort used to assign subject headings 202212121253
Level of effort used to assign classification VLOAD
Level of effort used to assign subject headings 202011061418
Level of effort used to assign classification AUTHORITY
Level of effort used to assign subject headings 202009211433
Level of effort used to assign classification msnk162
040 ## - CATALOGING SOURCE
Original cataloging agency SNK
Language of cataloging slo
Transcribing agency SNK
Description conventions AACR2
041 0# - LANGUAGE CODE
Language code of text/sound track or separate title slo
044 ## - COUNTRY OF PUBLISHING/PRODUCING ENTITY CODE
MARC country code xo
ISO country code SK
072 #7 - SUBJECT CATEGORY CODE
Subject category code 821.162.4.09
Subject category code subdivision Slovenská literatúra (o nej)
Source konspekt
080 ## - UNIVERSAL DECIMAL CLASSIFICATION NUMBER
Universal Decimal Classification number 929 Palárik, Ján
Edition identifier 1981
080 ## - UNIVERSAL DECIMAL CLASSIFICATION NUMBER
Universal Decimal Classification number 821.162.4-051
Edition identifier 2008
080 ## - UNIVERSAL DECIMAL CLASSIFICATION NUMBER
Universal Decimal Classification number (092)
Edition identifier 2008
100 1# - MAIN ENTRY--PERSONAL NAME
Personal name Gašparík, Mikuláš,
Dates associated with a name 1916-2003
Relationship aut
245 10 - TITLE STATEMENT
Title Ján Palárik a jeho boj o demokratizáciu slovenského národného života
Statement of responsibility, etc. Mikuláš Gašparík, J. N. J. Bobula
260 ## - PUBLICATION, DISTRIBUTION, ETC.
Place of publication, distribution, etc. Bratislava
Name of publisher, distributor, etc. Nakladateľstvo Slovenskej akadémie vied a umení
Date of publication, distribution, etc. 1952
Place of manufacture Liptovský Mikuláš
Manufacturer Stredoslovenské tlačiarne
300 ## - PHYSICAL DESCRIPTION
Extent 70 strán
Other physical details faksimile, fotografie
Dimensions 24 cm
366 ## - TRADE AVAILABILITY INFORMATION
Note 3000 kusov
490 1# - SERIES STATEMENT
Series statement Malá vedecká knižnica Slovenskej akadémie vied a umení
Volume/sequential designation sväzok 29.
504 ## - BIBLIOGRAPHY, ETC. NOTE
Bibliography, etc. note Obsahuje bibliografické odkazy a poznámky
600 17 - SUBJECT ADDED ENTRY--PERSONAL NAME
Personal name Palárik, Ján,
Dates associated with a name 1822-1870
Source of heading or term SNKMA
650 07 - SUBJECT ADDED ENTRY--TOPICAL TERM
Topical term or geographic name entry element slovenskí spisovatelia
Source of heading or term SNKPH
650 07 - SUBJECT ADDED ENTRY--TOPICAL TERM
Topical term or geographic name entry element Slovak authors
Source of heading or term SNKPHeng
655 #7 - INDEX TERM--GENRE/FORM
Genre/form data or focus term biografie
Source of term SNKPH
655 #7 - INDEX TERM--GENRE/FORM
Genre/form data or focus term Biography
Source of term SNKPHeng
700 12 - ADDED ENTRY--PERSONAL NAME
Personal name Bobula, J. N. J.
Title of a work Ján Palárik - Beskydov (27. apríla 1822 - 7. decembra 1870)
Relationship aut
700 1# - ADDED ENTRY--PERSONAL NAME
Personal name Kusý, Ivan,
Dates associated with a name 1921-2000
Relationship red
830 #0 - SERIES ADDED ENTRY--UNIFORM TITLE
Uniform title Malá vedecká knižnica Slovenskej akadémie vied a umení
942 ## - ADDED ENTRY ELEMENTS (KOHA)
Source of classification or shelving scheme Dewey Decimal Classification
Koha item type Odborná literatúra pre dospelých
Suppress in OPAC No
949 ## - LOCAL PROCESSING INFORMATION (OCLC)
6 270001000457422
a svkbbS 11891
b svkbbm 7988
949 ## - LOCAL PROCESSING INFORMATION (OCLC)
6 270001000457423
a svkbbS 11892
b svkbbm 7987
949 ## - LOCAL PROCESSING INFORMATION (OCLC)
a svkpoB 11058
b svkpo40696
s 6720:20230922
949 ## - LOCAL PROCESSING INFORMATION (OCLC)
6 17A0763962
a snkSC 4509/29
b snk1808/53
o snkVIII. 3197/52 - druhé ev. číslo
s 6100:20190115
949 ## - LOCAL PROCESSING INFORMATION (OCLC)
6 273K0433757
a svkpoB 11058a
b svkpo122966
949 ## - LOCAL PROCESSING INFORMATION (OCLC)
6 0133060336
a snmk
b snmk60336
949 ## - LOCAL PROCESSING INFORMATION (OCLC)
6 3830001031769
a kurukSK-3206
949 ## - LOCAL PROCESSING INFORMATION (OCLC)
6 3830001031770
a kurukSK-3206
949 ## - LOCAL PROCESSING INFORMATION (OCLC)
6 273K0433758
a svkpoB 11058b
b svkpo112967
949 ## - LOCAL PROCESSING INFORMATION (OCLC)
6 273K0436234
a svkpoB 11058c
b svkpo214707
949 ## - LOCAL PROCESSING INFORMATION (OCLC)
6 3869A17679
a bpksh929:82(2)
b bpksh16600
949 ## - LOCAL PROCESSING INFORMATION (OCLC)
6 3830001092824
a kurukX1/320
b kuruk2014/F6652
o D2014/Jozef Mlacek - kat.žur. FF KU/9.6.2014
949 ## - LOCAL PROCESSING INFORMATION (OCLC)
6 4950403039
a snmksm3039
b snmksm1996/3039
949 ## - LOCAL PROCESSING INFORMATION (OCLC)
6 17A0499184
9 P60, <04>, [BOOK], {604}
a snkSC 4509/29 D1
b snkVII.221/55
o náhrada, originál
949 ## - LOCAL PROCESSING INFORMATION (OCLC)
6 17A0311765
9 P60, <04>, [BOOK], {604}
a snkSC 4509/29 D2
949 ## - LOCAL PROCESSING INFORMATION (OCLC)
6 0133009337
a snmk
b snmk9337
Holdings
Stav vyradenia Strata Poškodenie Spôsob nadobudnutia Domovská knižnica Aktuálna knižnica Dátum nadobudnutia Total checkouts Čiarový kód exemplára Date last seen Typ exemplára
      Dar Obecná knižnica Horná Štubňa Obecná knižnica Horná Štubňa 23.01.2026   4736200524 23.01.2026 Odborná literatúra pre dospelých
Projekt je podporený Slovenskou asociáciou knižníc
Prevádzkuje Turčianska knižnica Martin 2026